The contribution of peoples's participation: evidence from 121 rural water supply projects (Record no. 38703)

MARC details
000 -LEADER
fixed length control field 00783nam a2200229 a 4500
003 - CONTROL NUMBER IDENTIFIER
control field CBULib
005 - DATE AND TIME OF LATEST TRANSACTION
control field 20250603084750.0
008 - FIXED-LENGTH DATA ELEMENTS--GENERAL INFORMATION
fixed length control field 080331s1995 ||||||||||||||||| || u
040 ## - CATALOGING SOURCE
Original cataloging agency CBULib
Language of cataloging English
Transcribing agency CBULib
Description conventions rda
041 ## - LANGUAGE CODE
Language code of text/sound track or separate title eng
050 ## - LIBRARY OF CONGRESS CALL NUMBER
Classification number IBRD(08)ESDO/1
110 ## - MAIN ENTRY--CORPORATE NAME
Corporate name or jurisdiction name as entry element The World Bank(IBRD)
245 14 - TITLE STATEMENT
Title The contribution of peoples's participation: evidence from 121 rural water supply projects
Statement of responsibility, etc / by The World Bank(IBRD)
260 ## - PUBLICATION, DISTRIBUTION, ETC. (IMPRINT)
Place of publication, distribution, etc Washington :
Name of publisher, distributor, etc World Bank,
Date of publication, distribution, etc 1995.
300 ## - PHYSICAL DESCRIPTION
Extent viii, 108 : illustrations
336 ## - CONTENT TYPE
Source rdacontent
Content type term Text |
Content type code txt
337 ## - MEDIA TYPE
Source rdamedia
Media type term Unmediated |
Media type code n
338 ## - CARRIER TYPE
Source rdacarrier
Carrier type term Volume
Carrier type code nc
650 ## - SUBJECT ADDED ENTRY--TOPICAL TERM
Topical term or geographic name as entry element WATER-SUPPLY, RURAL--DEVELOPING COUNTRIES--MANAGEMENT--CITIZEN PARTICIPATION
700 ## - ADDED ENTRY--PERSONAL NAME
Personal name Narayan, Deepa
942 ## - ADDED ENTRY ELEMENTS (KOHA)
Source of classification or shelving scheme
Koha item type INTERNATIONAL PUBLICATIONS
Holdings
Withdrawn status Lost status Source of classification or shelving scheme Damaged status Not for loan Collection code Permanent Location Current Location Shelving location Date acquired Source of acquisition Full call number Barcode Date last seen Copy number Price effective from Koha item type
          Special Collections CBU-MAIN LIBRARY, KITWE. CBU-MAIN LIBRARY, KITWE. Special Collections 11/30/2022 DEP-IBRD IBRD(08)ESDO 019688 11/30/2022 1 11/30/2022 INTERNATIONAL PUBLICATIONS